000 00872nam a2200205Ia 4500
003 Ost
005 20260507075634.0
008 260507s9999||||xx |||||||||||||| ||und||
020 _a2685841977
040 _cfsecg
041 _aara
082 _a341
100 _aالفتلاوي، سهيل حسن
_eمؤلف
245 0 _aالقانون الدولي العام /
_c سهيل حسن الفتلاوي
260 _aالقاهرة:
_bالمكتب المصري لتوزيع المطبوعات,
_c2002
300 _a277 صفحة؛
_bإيضاحات ؛
_c23 سم
520 _aالتعريف- الخصائص- التطور التاريخي- العلاقة بين القانون الدولي والداخلي- المصادر-أشخاص القانون الدولي العام- المنازعات الدولية
653 _aالقانون الدولي
942 _cكتاب
999 _c45270
_d45270